01302nam a2200289 a 450000100100000000500170001000800410002702000150006804000250008308200200010810000480012824501110017626000360028730000280032350000690035150000320042050400320045250000640048465000520054865100660060070000410066691000370070704900090074495201240075395201180087799900170099500002163720200930011407.0100909s2002 dr a 000 0 spa d a9993461334 aDO-SdBNPbspacBNPHU a972.9358bC346s1 aCastaño Morales, Juan Luis,d1963-94501610aSosúa :borigen, fundación y desarrollo /cJuan Luis Castaño Morales ; prólogo Pedro Mesón Mena. aSanto Domingo :bBúho,c2002. a141 p. :bil. ;c22 cm. aIncluye referencias bibliográficas y notas al pie de páginas aIncluye índice de cuadros aBibliografía : p. 135-139 aIncluye datos biográficos del autor en la contracubierta. 4aCiudades y puebloszRepública Dominicana9784 4aSosúa (República Dominicana{Rpara}xHistoria Local94501712aMesón Mena, Pedro,epról.945018 aValidado. Control de calidad MFF aBNPD 0010718PDaPDbPDcHDd2010-09-09iLF1l0o972.9358 C346sp21637-10r2020-06-25te. 2w2020-06-25yLFPDZNo se presta 0010718PDaPDbPDcHDd2010-09-09iLF1l0o972.9358 C346sp21637-20r2020-06-25w2020-06-25yLFPDZNo se presta c21136d21136